| 000 | 00878nam a22002417a 4500 | ||
|---|---|---|---|
| 999 |
_c63894 _d63894 |
||
| 005 | 20240530110704.0 | ||
| 008 | 171225s2016 ua a g b 000 0 ara d | ||
| 017 |
_a2014/26801 _bمصر. دار الكتب |
||
| 020 | _a9789777291798 | ||
| 040 |
_aEG-CaGPL _cEG-CaGPL |
||
| 082 | 0 | 4 |
_221 _a332.6\ _bم أ |
| 100 | 0 | _aمحمد عبدالله شاهين | |
| 245 | 1 | 2 |
_aالاسواق المالية العربية : _bالتكامل - التحديات - فرص النمو / _cمحمد عبدالله شاهين . |
| 250 | _aط.1 | ||
| 260 |
_aالقاهرة : _bدار الجامعة الجديدة ، _c2016 . |
||
| 300 |
_a519 ص. ؛ _c24 سم. |
||
| 650 | 0 | 7 |
_2qrmak _aالبورصات |
| 650 | 0 | 7 |
_2qrmak _aالاوراق المالية |
| 650 | 0 | 7 |
_2qrmak _aالسندات |
| 651 | _2qrmak | ||
| 942 |
_2ddc _cBK |
||